|
|
|
|
| LEADER |
01444nam a22003974a 4500 |
| 001 |
EBC182526 |
| 003 |
MiAaPQ |
| 005 |
20200520144314.0 |
| 006 |
m o d | |
| 007 |
cr cn||||||||| |
| 008 |
030224s2003 enka sb 001 0 eng |
| 010 |
|
|
|z 2003043149
|
| 020 |
|
|
|z 0415306205
|
| 035 |
|
|
|a (MiAaPQ)EBC182526
|
| 035 |
|
|
|a (Au-PeEL)EBL182526
|
| 035 |
|
|
|a (CaPaEBR)ebr10097387
|
| 035 |
|
|
|a (CaONFJC)MIL5076
|
| 035 |
|
|
|a (OCoLC)163811039
|
| 040 |
|
|
|a MiAaPQ
|c MiAaPQ
|d MiAaPQ
|
| 050 |
|
4 |
|a HB131
|b .C64 2003
|
| 082 |
0 |
4 |
|a 330/.01
|2 21
|
| 084 |
|
|
|a 83.05
|2 bcl
|
| 245 |
0 |
0 |
|a Cognitive developments in economics
|h [electronic resource] /
|c edited by Salvatore Rizzello.
|
| 260 |
|
|
|a London ;
|a New York :
|b Routledge,
|c 2003.
|
| 300 |
|
|
|a viii, 401 p. :
|b ill.
|
| 490 |
1 |
|
|a Routledge frontiers of political economy ;
|v 48
|
| 504 |
|
|
|a Includes bibliographical references and index.
|
| 533 |
|
|
|a Electronic reproduction. Ann Arbor, MI : ProQuest, 2015. Available via World Wide Web. Access may be limited to ProQuest affiliated libraries.
|
| 650 |
|
0 |
|a Economics
|x Methodology.
|
| 650 |
|
0 |
|a Institutional economics.
|
| 650 |
|
0 |
|a Cognitive science.
|
| 655 |
|
4 |
|a Electronic books.
|
| 700 |
1 |
|
|a Rizzello, Salvatore,
|d 1963-
|
| 710 |
2 |
|
|a ProQuest (Firm)
|
| 830 |
|
0 |
|a Routledge frontiers of political economy ;
|v 48.
|
| 856 |
4 |
0 |
|u https://ebookcentral.proquest.com/lib/matrademy/detail.action?docID=182526
|z Click to View
|